000 00459nam a2200157 i 4500
001 91132
003 ES-MaACL
005 20230906180641.0
007 t|
008 050127s1912 fr ||||1| fre d
100 1 _aLeroux, Gaston.
_971792
245 1 0 _aVases grecs et italo-grecs du Musee Archeologique de Madrid /
_cGaston Leroux.
260 _aBordeaux :
_b[s.n.,
_c1912] (
_fG. Gounouilhou)
300 _aXX, 330 p. ;
_c25 cm.
852 _aES-MaACL
_jF-1966
999 _c91132
_d91132